000 00369nam a2200157Ia 4500
008 220216s9999 xx 000 0 und d
100 _aBaby U I
245 0 _aAgrometeorological observations
260 _bPlanters Chronicle
_c2000
300 _a375-388
650 _aAgrometeorology
650 _aTea
700 _aAjay D
700 _aPremakumar R
942 _cJS
999 _c54001
_d54001